000 00562nam a2200181Ia 4500
008 220216s9999 xx 000 0 und d
100 _aFah Lai Pin
245 0 _aPolymer-coated latex examination gloves from Malaysia
260 _b6th Annual International Latex Conference, Hilton Akron/Fairlawn, July 29-30, 2003
650 _aAtomic force microscopy
650 _aScanning Electron Microscopy
700 _aHwee Eng Aik
700 _aKawahara Seiichi
700 _aLong Ong Eng
700 _aMustafa Asrul
856 _uCopy of article
942 _cJS
999 _c65276
_d65276